Statistiques concernant Trouvez l'acteur qui relie ces 2 oeuvres

Cliquez ici pour prendre le quiz!

Statistiques générales

  • Ce quiz a été pris 198 fois
  • Le résultat moyen est 11 sur 29

Statistiques - réponses

HintRéponse% Correct
Charly & la chocolaterie / Pirates des CaraïbesJohnny Depp
97%
Pirates des Caraïbes / Le Seigneur des AnneauxOrlando Bloom
76%
Sherlock BBC / Docteur StrangeBenedict Cumberbatch
50%
Bienvenue à Gattaca / Kill BillUma Thurman
46%
Le silence des agneaux / Dragon RougeAnthony Hopkins
44%
Les Gardiens de la Galaxy / Jurassic WorldChris Pratt
44%
Ocean Eleven / ElysiumMatt Damon
44%
Star Wars : la menace fantôme / La liste de ShindlerLiam Neeson
41%
Dragon rouge / Fight ClubEdward Norton
39%
Le monde de Charly / Harry Potter & la Coupe de FeuEmma Watson
39%
The Hobbit / Sherlock BBCMartin Freeman
39%
Le mariage de mon meilleur ami / Ocean ElevenJulia Roberts
36%
Le Seigneur des Anneaux / Game of ThronesSean Bean
36%
X-men (première trilogie) / The HobbitIan McKellen
34%
Kill Bill / Charly & ses drôles de damesLucy Liu
34%
Elysium / Le silence des agneauxJodie Foster
33%
Meurt un autre jour / GhostwriterPierce Brosnan
33%
Ghostwriter / Star Wars : La menace FantômeEwan McGregor
32%
Jurassic World / X-men : Days of Future PastOmar Sy
31%
Charly & ses drôles de dames / Le mariage de mon meilleur amiCameron Diaz
30%
La liste de Shindler / The Grand Budapest HotelRalph Fiennes
27%
Harry Potter & la Coupe de Feu / Doctor WhoDavid Tennant
26%
Game Of Thrones / X-men : ApocalypseSophie Turner
26%
Fight Club / Charly et la chocolaterieHelena Bonham Carter
25%
The Grand Budapest / Bienvenue à GattacaJude Law
25%
X-men : Days of Future Past / Meurt un autre jourHalle Berry
23%
Docteur Strange / We need to talk about KevinTilda Swinton
16%
Doctor Who / Les Gardiens de la GalaxieKaren Gillan
14%
We need to talk about Kevin / Le monde de CharlyEzra Miller
13%

Distribution des résultats

Percentile par nombre de réponses

% des personnes avec chaque résultat

Votre développement - résultats

Vous n’avez pas pris ce quiz